[Event "Detroit (Class C/1/25)"]
[Site "?"]
[Date "1994.??.??"]
[Round "?"]
[White "Barta, Roger"]
[Black "Nowicki, B."]
[Result "1-0"]
[WhiteElo "1605"]
[BlackElo "1605"]
[PlyCount "129"]
[EventDate "1994.??.??"]

{1/(25)} 1. e4 e5 2. Nf3 Nc6 3. Bb5 Nge7 4. d4 Nxd4 5. Nxd4 exd4 6. Qxd4 Nc6 7.
Bxc6 bxc6 8. Nc3 c5 9. Qd3 c6 10. Bf4 a5 11. O-O-O Be7 12. Bd6 Ba6 13. Qg3 O-O
14. e5 Bxd6 15. Rxd6 Bc4 16. Ne4 Be6 17. Nxc5 Qb6 18. Nxd7 Bxd7 19. Rxd7 Rab8
20. b3 a4 21. Rhd1 axb3 22. axb3 Qb4 23. R1d4 Qe1+ 24. Kb2 c5 25. Ra4 Rfc8 26.
f4 Qe2 27. Qf3 Qb5 28. Qd5 Rf8 29. Raa7 c4 30. Qxb5 Rxb5 31. e6 cxb3 32. exf7+
Kh8 33. cxb3 g5 34. Re7 gxf4 35. Re8 Kg7 36. Rxf8 Kxf8 37. Kc3 Rf5 38. Kd4 f3
39. gxf3 Rxf3 40. b4 Rh3 41. b5 Rxh2 42. Rc7 h5 43. b6 Rb2 44. b7 Kg7 45. Rc8
Kxf7 46. b8=Q Rxb8 47. Rxb8 Kg6 48. Rb1 Kg5 49. Ke3 Kg4 50. Kf2 Kh3 51. Rh1+
Kg4 52. Kg2 h4 53. Rh3 Kg5 54. Kf3 Kh5 55. Kf4 Kg6 56. Rxh4 Kf6 57. Rh6+ Kg7
58. Kg5 Kf7 59. Rb6 Kg7 60. Rb7+ Kf8 61. Kf6 Ke8 62. Ke6 Kd8 63. Kd6 Kc8 64.
Rh7 Kb8 65. Kc6 1-0

[Event "Romulus (RVO/5/25)"]
[Site "?"]
[Date "1994.??.??"]
[Round "?"]
[White "Barta, Roger"]
[Black "Mahabir, Jagdesh"]
[Result "1-0"]
[WhiteElo "1605"]
[BlackElo "1605"]
[PlyCount "67"]
[EventDate "1994.??.??"]

{5/(25)} 1. e4 d6 2. d4 Nf6 3. Nc3 g6 4. f4 Bg7 5. Nf3 O-O 6. Be3 Nc6 7. Qd2
Ng4 8. O-O-O Nxe3 9. Qxe3 Bg4 10. h3 Bxf3 11. gxf3 Bh6 12. Kb1 e5 13. dxe5 Nxe5
14. Be2 c6 15. h4 Qf6 16. fxe5 Bxe3 17. exf6 Bc5 18. Na4 b5 19. Nxc5 dxc5 20.
h5 Rfd8 21. hxg6 fxg6 22. e5 Rxd1+ 23. Rxd1 h5 24. f4 Kf8 25. Rd7 a6 26. e6 h4
27. Bg4 Re8 28. Rh7 Kg8 29. f7+ Kxh7 30. fxe8=Q h3 31. Bxh3 c4 32. Qf7+ Kh6 33.
f5 Kg5 34. Qxg6+ 1-0

[Event "Detroit (MCO/C/5/8)"]
[Site "?"]
[Date "1994.??.??"]
[Round "?"]
[White "Barta, Roger"]
[Black "Cowan, W."]
[Result "1-0"]
[WhiteElo "1605"]
[BlackElo "1605"]
[PlyCount "52"]
[EventDate "1994.??.??"]

{5/(8)} 1. e4 c6 2. d4 d5 3. e5 Bf5 4. Nf3 Nd7 5. Bd3 Bxd3 6. Qxd3 e6 7. O-O f6
8. Nc3 Qc7 9. exf6 gxf6 10. Re1 O-O-O 11. Rxe6 Bd6 12. Bd2 Ne7 13. Rae1 Ng6 14.
g3 Rhg8 15. Qf5 Bf4 16. Bxf4 Nxf4 17. Re7 Ng6 18. Rxh7 Ngf8 19. Rh6 Qd6 20. a3
b5 21. Re3 Kc7 22. Ne5 Rg5 23. Qxg5 fxg5 24. Rxd6 Kxd6 25. Nf7+ Kc7 26. Nxd8
Kxd8 1-0

[Event "Detroit (MCO/C/2a/8)"]
[Site "?"]
[Date "1994.??.??"]
[Round "?"]
[White "Barta, Roger"]
[Black "Beck, B."]
[Result "1-0"]
[WhiteElo "1605"]
[BlackElo "1605"]
[PlyCount "83"]
[EventDate "1994.??.??"]

1. e4 c6 2. d4 d5 3. e5 Bf5 4. g4 Bg6 5. h4 h6 6. h5 Bh7 7. f4 Be4 8. Nf3 e6 9.
Be3 Nd7 10. Nc3 Bb4 11. Bd3 Bxd3 12. Qxd3 Nb6 13. a3 Bxc3+ 14. Qxc3 Ne7 15. b3
Nec8 16. Kf2 Nd7 17. Qd3 Qe7 18. g5 hxg5 19. fxg5 Ncb6 20. g6 f6 21. exf6 Nxf6
22. Ke2 Ne4 23. Rag1 Qxa3 24. Ne5 Qb2 25. Nf7 Rg8 26. h6 gxh6 27. Rxh6 Kd7 28.
Rh7 Kc8 29. g7 Kc7 30. Rh8 c5 31. Rxg8 Rxg8 32. Nh6 c4 33. Bf4+ Kd7 34. bxc4
Nc3+ 35. Kf3 dxc4 36. Qg6 Ncd5 37. Qf7+ Ne7 38. Nxg8 Qc3+ 39. Kg4 Nbd5 40. Nxe7
Nxe7 41. g8=Q Qxd4 42. Qxe6# 1-0

[Event "Detroit (Class C/2/2)"]
[Site "?"]
[Date "1994.??.??"]
[Round "?"]
[White "Barta, Roger"]
[Black "Alliston, Richard"]
[Result "1-0"]
[WhiteElo "1605"]
[BlackElo "1605"]
[PlyCount "51"]
[EventDate "1994.??.??"]

{2/(2)} 1. e4 e5 2. Nf3 d6 3. d4 exd4 4. Nxd4 Bd7 5. Nc3 Nf6 6. Bg5 Be7 7. Bd3
a6 8. O-O Nc6 9. Nxc6 Bxc6 10. Re1 O-O 11. Qd2 Re8 12. f4 b5 13. e5 dxe5 14.
fxe5 Qd4+ 15. Kh1 Ng4 16. Bxh7+ Kxh7 17. Qxd4 Nh6 18. Bxe7 Rxe7 19. Qc5 Re6 20.
Ne4 Kg8 21. Ng5 Rg6 22. e6 Bxg2+ 23. Kxg2 f6 24. h4 fxg5 25. hxg5 Ng4 26. Qf5
1-0

[Event "Novi (MI Women/3/4)"]
[Site "?"]
[Date "1994.??.??"]
[Round "?"]
[White "Barone, C."]
[Black "Raupp, Christine"]
[Result "0-1"]
[WhiteElo "1605"]
[BlackElo "1605"]
[PlyCount "36"]
[EventDate "1994.??.??"]

{3/(4)} 1. e3 e6 2. g3 f5 3. Bg2 Nf6 4. Ne2 Nc6 5. O-O b6 6. b4 Bxb4 7. c3 Bd6
8. Qa4 Bb7 9. Nd4 Ne4 10. Nxc6 Bxc6 11. Qd1 O-O 12. Bxe4 Bxe4 13. d3 Bc6 14. a4
Qe8 15. a5 Qg6 16. a6 Qh6 17. f4 Qh3 18. Qb3 Qg2# 0-1

[Event "Novi (MI Women/4/7)"]
[Site "?"]
[Date "1994.??.??"]
[Round "?"]
[White "Barone, C."]
[Black "Garrett, J."]
[Result "1-0"]
[WhiteElo "1605"]
[BlackElo "1605"]
[PlyCount "147"]
[EventDate "1994.??.??"]

{4/(7)} 1. e3 e5 2. g3 d5 3. Bg2 Nf6 4. Ne2 Nc6 5. Nbc3 Be6 6. O-O g6 7. f4
exf4 8. Rxf4 Bd6 9. Rf3 O-O 10. b3 Bg4 11. Rf2 Nh5 12. h3 Be6 13. g4 Ng3 14.
Nxg3 Bxg3 15. Rf3 Qd6 16. Ne2 Bh2+ 17. Kf2 d4 18. exd4 Bd5 19. Rc3 Nxd4 20.
Nxd4 Qf4+ 21. Rf3 Bxf3 22. Nxf3 Bg3+ 23. Ke2 Rae8+ 24. Kf1 Re4 25. a3 Re1+ 26.
Qxe1 f5 27. Qe6+ Kg7 28. Bb2+ Kh6 29. Qe7 fxg4 30. Bg7+ Kh5 31. Qe5+ Qxe5 32.
Bxe5 Bxe5 33. Re1 gxf3 34. Rxe5+ Kh4 35. Bh1 f2 36. d4 Rf3 37. Bxf3 Kg3 38. Be2
h5 39. Re7 b6 40. Rxc7 a5 41. Rf7 h4 42. Rf3+ Kh2 43. Rxf2+ Kg3 44. Kg1 Kxh3
45. Rf3+ Kg4 46. Rf6+ Kg3 47. Rxg6+ Kh3 48. Kf2 b5 49. d5 a4 50. d6 axb3 51.
cxb3 b4 52. d7 Kh2 53. d8=B h3 54. Bg4 Kh1 55. Bxh3 Kh2 56. Rg2+ Kxh3 57. Bh4
Kxh4 58. Rg3 Kh5 59. Kf3 Kh4 60. Rg4+ Kh5 61. Rg3 Kh4 62. Kf4 Kh5 63. Rg4 Kh6
64. Rg5 Kh7 65. Kf5 Kh6 66. Kf6 Kh7 67. Rg6 Kh8 68. a4 Kh7 69. a5 Kh8 70. a6
Kh7 71. a7 Kh8 72. a8=Q+ Kh7 73. Rg7+ Kh6 74. Qh8# 1-0

[Event "Detroit (Class DE/4/3)"]
[Site "?"]
[Date "1994.??.??"]
[Round "?"]
[White "Barker, Scott"]
[Black "Gaiefsky, S."]
[Result "1-0"]
[WhiteElo "1605"]
[BlackElo "1605"]
[PlyCount "115"]
[EventDate "1994.??.??"]

{4/(3)} 1. e4 g6 2. Nf3 Bg7 3. Nc3 d6 4. h3 Nf6 5. Bc4 O-O 6. d4 Re8 7. Ng5 e6
8. O-O c6 9. d5 exd5 10. exd5 h6 11. Nf3 b5 12. Bb3 c5 13. Nxb5 Ba6 14. Bc4 Ne4
15. Na3 Qd7 16. Bxa6 Nxa6 17. Qd3 Nb4 18. Qc4 a5 19. c3 Na6 20. Re1 Qf5 21. Re2
Nc7 22. Nh4 Qh5 23. Rxe4 Qd1+ 24. Kh2 Rxe4 25. Qxe4 Re8 26. Qg4 Be5+ 27. g3 Qd3
28. Bxh6 Nxd5 29. Rd1 Nf6 30. Rxd3 Nxg4+ 31. hxg4 Re6 32. Bf4 Bf6 33. Rxd6 Bxh4
34. Rxe6 fxe6 35. gxh4 Kf7 36. Kh3 a4 37. b3 axb3 38. axb3 Kf6 39. Be3 e5 40.
f3 Kf7 41. h5 Kg7 42. hxg6 Kxg6 43. Kh4 Kh7 44. Kh5 Kg7 45. Bxc5 Kg8 46. Kh6
Kh8 47. g5 Kg8 48. g6 Kh8 49. g7+ Kg8 50. Bd6 e4 51. fxe4 Kf7 52. Kh7 Ke6 53.
g8=Q+ Kxd6 54. Qd5+ Ke7 55. Qc6 Kf7 56. Kh6 Ke7 57. Kg6 Kf8 58. Qd7 1-0

[Event "Detroit (Class DE/2/13)"]
[Site "?"]
[Date "1994.??.??"]
[Round "?"]
[White "Barker, Scott"]
[Black "Boyer, Mike"]
[Result "1-0"]
[WhiteElo "1605"]
[BlackElo "1605"]
[PlyCount "133"]
[EventDate "1994.??.??"]

{2/(13)} 1. e4 d6 2. Bc4 e6 3. Nc3 Bd7 4. d3 Be7 5. Qg4 g6 6. Qg3 Bh4 7. Qf3
Nc6 8. Nh3 Nd4 9. Qd1 Qf6 10. g3 Bxg3 11. hxg3 h6 12. Be3 Nc6 13. Kf1 Nge7 14.
Kg2 Ne5 15. Bd4 c5 16. Bxe5 Qxe5 17. Qd2 a6 18. Rad1 d5 19. Bb3 Bc6 20. d4 Qg7
21. exd5 Nxd5 22. Nxd5 exd5 23. Rhe1+ Kf8 24. c3 c4 25. Bc2 Kg8 26. Re7 Qf6 27.
Rde1 Kg7 28. Qf4 Qxf4 29. Nxf4 Rad8 30. Ne6+ Kf6 31. Nxd8 Rxd8 32. f4 Rg8 33.
R1e5 Rg7 34. Bd1 Rg8 35. Kh3 Rd8 36. f5 Bd7 37. g4 gxf5 38. gxf5 Bxf5+ 39. Kh4
Rg8 40. Bh5 Be6 41. Rxb7 Rg1 42. Rb6 Rh1+ 43. Kg3 Rh3+ 44. Kg2 Rd3 45. Bxf7
Kxf7 46. Rexe6 Rd2+ 47. Kf3 Rd3+ 48. Kf4 Rd1 49. Rxh6 Rf1+ 50. Kg5 Rg1+ 51. Kf5
Rf1+ 52. Ke5 Re1+ 53. Kd6 Rg1 54. Rh7+ Kg8 55. Rc7 Rg6+ 56. Kc5 Rg7 57. Rxg7+
Kxg7 58. Kxd5 Kf7 59. Re6 a5 60. Ke5 a4 61. d5 a3 62. bxa3 Kg7 63. d6 Kf7 64.
d7 Kg7 65. d8=Q Kh7 66. Qd7+ Kh8 67. Re8# 1-0

[Event "Detroit (Class DE/4/18)"]
[Site "?"]
[Date "1994.??.??"]
[Round "?"]
[White "Banks, David"]
[Black "Zuniga, Jesus"]
[Result "1-0"]
[WhiteElo "1605"]
[BlackElo "1605"]
[PlyCount "69"]
[EventDate "1994.??.??"]

{4/(18)} 1. e4 c5 2. Nf3 Nc6 3. Bb5 Qc7 4. O-O a6 5. Bxc6 Qxc6 6. d3 g6 7. Nc3
Bg7 8. Ne2 d6 9. Re1 Bg4 10. Nf4 Nf6 11. d4 Nxe4 12. dxc5 Nxc5 13. Nd5 e6 14.
h3 Bf5 15. Nh4 Be4 16. c4 O-O 17. Ne7+ Kh8 18. Nxc6 Bxc6 19. Qxd6 Ne4 20. Qb4
Bd4 21. Be3 Bxe3 22. Rxe3 Rad8 23. Rd3 Kg7 24. Rxd8 Rxd8 25. Qa3 Nd2 26. Rd1
Nxc4 27. Qc3+ f6 28. Rxd8 Ne5 29. Qb4 Kh6 30. Qf4+ g5 31. Qxf6+ Kh5 32. Rg8 Ng6
33. Nxg6 Be4 34. Nf4+ gxf4 35. Qg5# 1-0

[Event "Eastpointe (MI Action/1/16)"]
[Site "?"]
[Date "1994.??.??"]
[Round "?"]
[White "Banks, David"]
[Black "Rosenberg, Steve"]
[Result "0-1"]
[WhiteElo "1605"]
[BlackElo "1815"]
[PlyCount "124"]
[EventDate "1994.??.??"]

{1/(16)} 1. e4 d5 2. exd5 Qxd5 3. Nc3 Qa5 4. Bd3 Nf6 5. Nge2 Qg5 6. Bb5+ c6 7.
d4 Qxg2 8. Rg1 Qxh2 9. Bd3 Bg4 10. Bf4 Qxg1+ 11. Nxg1 Bxd1 12. Nxd1 h5 13. Ne3
h4 14. O-O-O h3 15. Nf3 Nd5 16. Nxd5 cxd5 17. Bb5+ Nc6 18. Bxc6+ bxc6 19. Kb1
f6 20. Re1 g5 21. Bh2 g4 22. Ng1 Bg7 23. f3 g3 24. Bxg3 h2 25. Bxh2 Rxh2 26. a3
Rh1 27. Kc1 Kf7 28. Kd2 Rg8 29. Ke2 Bh6 30. Kf2 Be3+ 31. Kxe3 Rgxg1 32. Re2 Re1
33. Rxe1 Rxe1+ 34. Kd2 Rh1 35. b3 Ke6 36. c4 dxc4 37. bxc4 Kd6 38. f4 Rh4 39.
Ke3 Rh3+ 40. Ke4 Rxa3 41. c5+ Kd7 42. f5 Ra4 43. Kd3 e6 44. fxe6+ Kxe6 45. Ke3
Kf5 46. d5 cxd5 47. c6 Rc4 48. Kd3 Rxc6 49. Kd4 Re6 50. Kxd5 Re5+ 51. Kd4 Kf4
52. Kc4 Ke4 53. Kc3 a5 54. Kc4 a4 55. Kb4 Kd4 56. Kxa4 Kc4 57. Ka3 Re1 58. Kb2
Re2+ 59. Kc1 Kd3 60. Kb1 Kc3 61. Ka1 Kb3 62. Kb1 Re1# 0-1

[Event "Detroit (Class DE/1/23)"]
[Site "?"]
[Date "1994.??.??"]
[Round "?"]
[White "Banks, David"]
[Black "Mack, De"]
[Result "0-1"]
[WhiteElo "1605"]
[BlackElo "1605"]
[PlyCount "68"]
[EventDate "1994.??.??"]

{1/(23)} 1. e4 c5 2. Bc4 d6 3. Nf3 h6 4. d4 cxd4 5. Nxd4 Nf6 6. Nf5 Bxf5 7.
exf5 Qa5+ 8. Bd2 Qxf5 9. O-O e6 10. c3 Be7 11. Qa4+ Nbd7 12. Be3 d5 13. Bb5 e5
14. Bxd7+ Nxd7 15. Rd1 Qe6 16. Bxa7 Bc5 17. c4 d4 18. Qb5 Bxa7 19. Qxb7 O-O 20.
Na3 Nc5 21. Qb5 Rfb8 22. Qa5 Rxb2 23. Nb5 Qf5 24. f3 Qc2 25. Rd2 Qxd2 26. Qxd2
Rxd2 27. Nc7 Rb8 28. h3 Rbb2 29. Nd5 Rxg2+ 30. Kf1 Rh2 31. Kg1 d3 32. Ne7+ Kh8
33. Re1 Ne4+ 34. Kf1 Ng3# 0-1

[Event "Eastpointe (MI Action/3/24)"]
[Site "?"]
[Date "1994.??.??"]
[Round "?"]
[White "Banks, David"]
[Black "Herron, D."]
[Result "1-0"]
[WhiteElo "1605"]
[BlackElo "1605"]
[PlyCount "111"]
[EventDate "1994.??.??"]

{3/(24)} 1. e4 e6 2. d4 g6 3. Nf3 Bg7 4. Nc3 Ne7 5. Bd3 O-O 6. O-O Nbc6 7. Bg5
d5 8. exd5 exd5 9. Re1 Re8 10. Bb5 Bd7 11. Bxc6 Bxc6 12. Re2 h6 13. Bxe7 Rxe7
14. Qd3 Rxe2 15. Qxe2 Qe8 16. Qd2 Bd7 17. Nxd5 Rc8 18. Re1 Qd8 19. Ne7+ Kf8 20.
Nxc8 Bxc8 21. Qb4+ Kg8 22. c3 b6 23. Qa4 Bd7 24. Qxa7 Be6 25. b3 c5 26. dxc5
bxc5 27. Qxc5 Qd3 28. h3 Bxc3 29. Re3 Qd1+ 30. Kh2 Bb2 31. a4 f6 32. a5 Bxb3
33. Re8+ Kg7 34. Qf8+ Kh7 35. Re7+ Bf7 36. Qxf7+ Kh8 37. Qxg6 Qd6+ 38. Re5
Bxe5+ 39. Nxe5 Qxe5+ 40. g3 Qxa5 41. Qxh6+ Kg8 42. Qg6+ Kh8 43. Qxf6+ Kg8 44.
h4 Qd2 45. Qg5+ Kf7 46. Qxd2 Ke6 47. f4 Kf5 48. Qd7+ Ke4 49. f5 Kf3 50. Qd3+
Kf2 51. f6 Ke1 52. f7 Kf2 53. f8=N Ke1 54. Ne6 Kf2 55. Nf4 Ke1 56. Qe2# 1-0

[Event "Eastpointe (MI Action/5/18)"]
[Site "?"]
[Date "1994.??.??"]
[Round "?"]
[White "Banks, David"]
[Black "Foord, Allan"]
[Result "0-1"]
[WhiteElo "1605"]
[BlackElo "1665"]
[PlyCount "94"]
[EventDate "1994.??.??"]

{5/(18)} 1. e4 c5 2. Nf3 d6 3. Nc3 Nc6 4. d4 cxd4 5. Nxd4 a6 6. Nxc6 bxc6 7.
Bc4 e6 8. Bb3 Be7 9. O-O Nf6 10. Re1 O-O 11. Be3 c5 12. Qf3 Bb7 13. Qg3 Nxe4
14. Nxe4 Bxe4 15. Bh6 Bg6 16. Bd2 d5 17. c4 dxc4 18. Red1 cxb3 19. Bg5 Qe8 20.
Bxe7 Qxe7 21. axb3 Rfd8 22. Rxd8+ Qxd8 23. Qf3 Qd5 24. Qe2 Rd8 25. h3 Qd3 26.
Qe1 Qxb3 27. Kh1 h6 28. f3 a5 29. Qh4 Rd2 30. Rxa5 Qxb2 31. Ra8+ Kh7 32. Qg3 c4
33. Rb8 Rxg2 34. Qxg2 Qxb8 35. Kg1 Qb1+ 36. Kh2 c3 37. h4 Qb2 38. Qxb2 cxb2 39.
Kg3 b1=Q 40. f4 Qd3+ 41. Kf2 Bh5 42. f5 Qxf5+ 43. Kg1 Qg4+ 44. Kh2 Qxh4+ 45.
Kg1 Bf3 46. Kf1 Qh2 47. Ke1 Qe2# 0-1

[Event "Detroit (MOR/7/45)"]
[Site "?"]
[Date "1994.??.??"]
[Round "?"]
[White "Ballard, C."]
[Black "Whipple, Greg"]
[Result "0-1"]
[WhiteElo "1605"]
[BlackElo "1605"]
[PlyCount "104"]
[EventDate "1994.??.??"]

{7/(45)} 1. e4 e5 2. Nf3 Nc6 3. Bc4 Bc5 4. d3 d6 5. Ng5 Nh6 6. Qh5 Qf6 7. O-O
Bg4 8. Qh4 Nd4 9. Nc3 Ne2+ 10. Nxe2 Bxe2 11. Re1 Bh5 12. h3 O-O 13. Be3 Bxe3
14. Rxe3 Bg6 15. Nf3 Qxh4 16. Nxh4 Kh8 17. Rf3 f5 18. Nxg6+ hxg6 19. Rg3 Rf6
20. Rg5 Raf8 21. f3 Nf7 22. Bxf7 R8xf7 23. exf5 gxf5 24. Re1 g6 25. d4 exd4 26.
c4 dxc3 27. bxc3 Kg7 28. f4 Rf8 29. Rg3 b6 30. Rge3 c5 31. Re7+ R6f7 32. R7e6
Rd8 33. c4 d5 34. Rd1 d4 35. Kf2 d3 36. a4 Rfd7 37. h4 Kh6 38. Re5 Rd4 39. Ke3
Rxc4 40. Rxd3 Rxd3+ 41. Kxd3 Rxf4 42. g3 Rxa4 43. Ke3 Re4+ 44. Rxe4 fxe4 45.
Kxe4 a5 46. Kd3 b5 47. Kc3 b4+ 48. Kc4 a4 49. Kxc5 b3 50. Kb4 b2 51. Kxa4 b1=Q
52. Ka3 Kh5 0-1

[Event "Detroit (MOR/3/48)"]
[Site "?"]
[Date "1994.??.??"]
[Round "?"]
[White "Ballard, C."]
[Black "Venia, Mike"]
[Result "0-1"]
[WhiteElo "1605"]
[BlackElo "1605"]
[PlyCount "66"]
[EventDate "1994.??.??"]

{3/(48)} 1. e4 c5 2. Nf3 d6 3. Bc4 Nf6 4. Nc3 g6 5. h3 Bg7 6. Ng5 O-O 7. d3 a6
8. Qf3 Nc6 9. Nd5 Ne5 10. Qf4 Nxc4 11. dxc4 e6 12. Nxf6+ Qxf6 13. Qxf6 Bxf6 14.
Nf3 d5 15. cxd5 exd5 16. exd5 c4 17. Bg5 Bxb2 18. Rd1 Re8+ 19. Be3 Bc3+ 20. Nd2
Bf5 21. Rc1 b5 22. O-O Rxe3 23. fxe3 Bxd2 24. Rcd1 Bxe3+ 25. Kh1 Bxc2 26. Rde1
Bc5 27. Re2 Bd3 28. Rfe1 Bxe2 29. Rxe2 Kf8 30. g4 Re8 31. Rd2 Ke7 32. Re2+ Kd7
33. Rf2 Bxf2 0-1

[Event "Detroit (Beg/4/8)"]
[Site "?"]
[Date "1994.??.??"]
[Round "?"]
[White "Ballard, C."]
[Black "Murani, J."]
[Result "1-0"]
[WhiteElo "1605"]
[BlackElo "1605"]
[PlyCount "91"]
[EventDate "1994.??.??"]

{4/(8)} 1. e4 c5 2. Bc4 Nf6 3. d3 d6 4. Nf3 Nc6 5. O-O Bg4 6. Bf4 Nd4 7. Nbd2
e5 8. Bg5 g6 9. c3 Ne6 10. Qa4+ Qd7 11. Bb5 Nxg5 12. Bxd7+ Bxd7 13. Qb3 Bh6 14.
Nxg5 Bxg5 15. Nf3 Bf4 16. g3 Bh6 17. Qxb7 O-O 18. Qc7 Bb5 19. Qxd6 Rad8 20.
Qxf6 Bxd3 21. Rfd1 Bg7 22. Qe7 a6 23. Ne1 Rfe8 24. Qa7 Bf8 25. Nxd3 Ra8 26. Qc7
Rec8 27. Qxe5 c4 28. Nf4 Rd8 29. Rxd8 Rxd8 30. Nd5 Bd6 31. Ne7+ Kf8 32. Nxg6+
hxg6 33. Qd5 Be7 34. Qxc4 Rd2 35. Qc8+ Kg7 36. Rb1 Re2 37. Qxa6 Rxe4 38. Kf1
Re5 39. Re1 Re6 40. Rxe6 fxe6 41. Qxe6 Bf6 42. a4 Bd8 43. Qd7+ Kh6 44. Qxd8 Kh7
45. a5 Kg7 46. a6 1-0

[Event "Detroit (MOR/2/30)"]
[Site "?"]
[Date "1994.??.??"]
[Round "?"]
[White "Ballard, C."]
[Black "Marson, Michael"]
[Result "0-1"]
[WhiteElo "1605"]
[BlackElo "1615"]
[PlyCount "118"]
[EventDate "1994.??.??"]

{2/(30)} 1. e4 e6 2. Nc3 d5 3. Bb5+ Bd7 4. Qe2 c6 5. Bd3 Bb4 6. Nf3 Bxc3 7.
dxc3 dxe4 8. Bxe4 Nf6 9. Bg5 h6 10. Bh4 g5 11. Bg3 Nxe4 12. Qxe4 Qb6 13. Ne5
Qxb2 14. O-O f5 15. Qd3 Qb5 16. Rfd1 Qxd3 17. Rxd3 f4 18. Rad1 Rh7 19. Ng4 Kd8
20. Nf6 Rf7 21. Ng8 fxg3 22. hxg3 h5 23. Rf3 Rxf3 24. gxf3 b5 25. Nf6 Ke7 26.
Nxh5 Na6 27. Re1 Rh8 28. g4 Nc5 29. Re5 Na4 30. Rxg5 Nxc3 31. Rg7+ Kd6 32. Nf6
Rd8 33. g5 Nd5 34. Ne4+ Ke5 35. Rf7 Be8 36. Rf8 Nf4 37. Kh2 Ng6 38. Rg8 Ne7 39.
Rf8 Rc8 40. f4+ Kxe4 41. Rf6 Nd5 42. Rxe6+ Kxf4 43. g6 Bxg6 44. Rxg6 Kf3 45.
Kg1 Ke2 46. Re6+ Kd2 47. Kg2 Kxc2 48. Kg3 Kb2 49. f4 Kxa2 50. f5 b4 51. Re2+
Ka3 52. Rf2 b3 53. Rf3 Ka2 54. f6 Nxf6 55. Rxf6 b2 56. Rf2 Ka1 57. Rf1+ b1=Q
58. Kf2 Qxf1+ 59. Kxf1 Re8 0-1

[Event "Detroit (Beg/3/10)"]
[Site "?"]
[Date "1994.??.??"]
[Round "?"]
[White "Ballard, C."]
[Black "Brem, E."]
[Result "1-0"]
[WhiteElo "1605"]
[BlackElo "1605"]
[PlyCount "83"]
[EventDate "1994.??.??"]

{3/(10)} 1. e4 e5 2. Nf3 Bc5 3. Nxe5 d6 4. Nf3 Nf6 5. Nc3 O-O 6. Bc4 d5 7. Nxd5
Ne8 8. d3 Nc6 9. Ng5 f6 10. Nxc7+ Kh8 11. Nf7+ Rxf7 12. Bxf7 Nd6 13. Nxa8 Nxf7
14. Bf4 h6 15. Nc7 b6 16. Nb5 a6 17. Nc3 Be7 18. Nd5 Bf8 19. Ne3 b5 20. O-O
Nfe5 21. Nf5 g6 22. Nxh6 Kh7 23. c3 g5 24. Qh5 Nd7 25. Nf7+ Kg7 26. Nxd8 Nxd8
27. Bc7 Ne6 28. Ba5 Ne5 29. Bb4 Bxb4 30. cxb4 Nxd3 31. Qe8 Bb7 32. Qxe6 Nxb4
33. Qe7+ Kg6 34. Qxb7 f5 35. Rae1 g4 36. e5 Nxa2 37. e6 Nb4 38. e7 f4 39. e8=Q+
Kg5 40. Qbf7 Nc6 41. Qeg8+ Kh6 42. Qfh7# 1-0

[Event "Eastpointe (US Am N/5/4)"]
[Site "?"]
[Date "1994.??.??"]
[Round "?"]
[White "Ball, Ed"]
[Black "Wisckol, Richard"]
[Result "1/2-1/2"]
[WhiteElo "1995"]
[BlackElo "1875"]
[PlyCount "104"]
[EventDate "1994.??.??"]

{5/(4)} 1. e4 c5 2. b4 cxb4 3. a3 bxa3 4. Bxa3 Nc6 5. Nf3 e6 6. Bxf8 Kxf8 7.
Nc3 Nge7 8. Be2 f6 9. O-O Kf7 10. d4 d5 11. e5 Rf8 12. exf6 gxf6 13. Bd3 Ng6
14. Nh4 f5 15. Nf3 Bd7 16. Na4 b6 17. Qd2 Kg7 18. c4 dxc4 19. Bxc4 Qf6 20. d5
Nce5 21. Nxe5 Nxe5 22. dxe6 Bxe6 23. Bxe6 Qxe6 24. Rfe1 Qf6 25. Qd5 Rae8 26.
Rac1 Re7 27. Nc3 Rfe8 28. Qd2 Nc4 29. Rxe7+ Rxe7 30. Qd3 Qe6 31. Nd5 Qe1+ 32.
Rxe1 Rxe1+ 33. Qf1 Rxf1+ 34. Kxf1 a5 35. Ke2 a4 36. Kd3 a3 37. Nb4 Ne5+ 38. Ke2
Kf6 39. f4 Nc6 40. Na2 h5 41. Kd3 b5 42. Kc3 b4+ 43. Kc4 h4 44. Nc1 Ke6 45. Kc5
Ne7 46. Kxb4 a2 47. Nxa2 Nd5+ 48. Kc5 Nxf4 49. g3 hxg3 50. hxg3 Ne2 51. Nb4
Nxg3 52. Nd3 Ne2 1/2-1/2

[Event "Detroit (MI Op/4/24)"]
[Site "?"]
[Date "1994.??.??"]
[Round "?"]
[White "Ball, Ed"]
[Black "Thurman, John"]
[Result "1-0"]
[WhiteElo "1955"]
[BlackElo "1755"]
[PlyCount "93"]
[EventDate "1994.??.??"]

{4/(24)} 1. c4 Nf6 2. Nc3 e6 3. g3 Bb4 4. Bg2 O-O 5. Qb3 Qe7 6. a3 Bxc3 7. bxc3
c6 8. d4 d5 9. Bg5 Nbd7 10. Nf3 Nb6 11. c5 Nc4 12. Ne5 h6 13. Bxf6 Qxf6 14.
Nxc4 dxc4 15. Qxc4 e5 16. O-O Be6 17. Qb4 Rab8 18. e3 Rfd8 19. Qa4 a6 20. Rfb1
Bd5 21. Bxd5 Rxd5 22. Ra2 exd4 23. cxd4 Qf3 24. Rab2 Rf5 25. Qd1 Qxd1+ 26. Rxd1
Rd5 27. Rdb1 Rd7 28. Rb6 Rc7 29. Rxa6 f5 30. Rab6 Kf7 31. a4 Ke6 32. a5 g5 33.
a6 Kd5 34. a7 Ra8 35. Rxb7 Rxb7 36. Rxb7 Ke4 37. Kg2 f4 38. Re7+ Kf5 39. gxf4
gxf4 40. Kf3 fxe3 41. fxe3 Rc8 42. Rc7 Ra8 43. Rxc6 Rxa7 44. h4 Ra3 45. Rxh6
Rc3 46. c6 Ra3 47. c7 1-0

[Event "Detroit (MI Op/2/8)"]
[Site "?"]
[Date "1994.??.??"]
[Round "?"]
[White "Ball, Ed"]
[Black "Seawald, Dennis"]
[Result "0-1"]
[WhiteElo "1955"]
[BlackElo "2230"]
[PlyCount "96"]
[EventDate "1994.??.??"]

{2/(8)} 1. c4 g6 2. Nc3 Bg7 3. e4 d6 4. Be2 Nf6 5. f4 c5 6. g4 Nc6 7. h4 h5 8.
g5 Ng4 9. Nf3 Be6 10. d3 Nd4 11. O-O a6 12. Nxd4 Bxd4+ 13. Kg2 Qc8 14. Nd5 Rb8
15. a4 b6 16. Rb1 b5 17. axb5 axb5 18. f5 gxf5 19. exf5 Bxf5 20. Nc7+ Kf8 21.
Nxb5 Be5 22. Bf3 Nh2 23. Na7 Bh3+ 24. Kh1 Qf5 25. Nc6 Nxf1 26. Nxb8 Ng3+ 27.
Kg1 Bd4+ 28. Kh2 Nf1+ 29. Kh1 Qe5 30. Nd7+ Bxd7 31. Qxf1 Qg3 32. Bf4 Qxf4 33.
Qg2 Qxh4+ 34. Qh2 Qxg5 35. Rf1 Be5 36. Rg1 Bxh2 37. Rxg5 Be5 38. b3 Bg4 39.
Bxg4 hxg4+ 40. Kg2 Rh2+ 41. Kg1 g3 42. Rg4 Bd4+ 43. Rxd4 cxd4 44. b4 Rb2 45. b5
f5 46. b6 f4 47. b7 f3 48. b8=Q+ Rxb8 0-1

[Event "Eastpointe (US Am N/1b/5)"]
[Site "?"]
[Date "1994.??.??"]
[Round "?"]
[White "Ball, Ed"]
[Black "Nixon, Peter"]
[Result "1-0"]
[WhiteElo "1995"]
[BlackElo "1605"]
[PlyCount "45"]
[EventDate "1994.??.??"]

1. e4 c5 2. b4 b6 3. bxc5 bxc5 4. Nc3 Nc6 5. Nf3 d6 6. Bc4 Nf6 7. Bd5 Nxd5 8.
exd5 Ne5 9. Nxe5 dxe5 10. Qe2 f6 11. O-O Bb7 12. Rb1 Bxd5 13. Qb5+ Kf7 14. Qxc5
e6 15. Qe3 Be7 16. Nxd5 Qxd5 17. Ba3 Rhc8 18. Rb2 Rc7 19. Bxe7 Kxe7 20. Rfb1
Rac8 21. h3 Rxc2 22. Rb7+ Kf8 23. Qxa7 1-0

[Event "Eastpointe (US Am N/3/8)"]
[Site "?"]
[Date "1994.??.??"]
[Round "?"]
[White "Ball, Ed"]
[Black "Moore, Robert"]
[Result "1/2-1/2"]
[WhiteElo "1995"]
[BlackElo "1700"]
[PlyCount "66"]
[EventDate "1994.??.??"]

{3/(8)} 1. e4 c5 2. b4 cxb4 3. a3 e5 4. Nf3 Nc6 5. axb4 Bxb4 6. Ba3 d6 7. Bxb4
Nxb4 8. Nc3 Nf6 9. Qb1 a5 10. Bc4 O-O 11. O-O Qc7 12. Qb3 Bg4 13. Ng5 h6 14.
Nxf7 Rxf7 15. Nb5 Qd7 16. Nxd6 Qxd6 17. Bxf7+ Kh8 18. c3 Nc6 19. f3 Bh5 20.
Bxh5 Nxh5 21. Qxb7 Rb8 22. Qa6 Qc5+ 23. Kh1 Nf4 24. g3 Ne6 25. Rab1 Rxb1 26.
Rxb1 Kh7 27. Qc8 Qc4 28. Kg2 Qe2+ 29. Kg1 Ncd8 30. Rb6 Qe1+ 31. Kg2 Qe2+ 32.
Kg1 Qe1+ 33. Kg2 Qe2+ 1/2-1/2

[Event "Detroit (MI Op/6/7)"]
[Site "?"]
[Date "1994.??.??"]
[Round "?"]
[White "Ball, Ed"]
[Black "Calton, Bill"]
[Result "0-1"]
[WhiteElo "1955"]
[BlackElo "2170"]
[PlyCount "52"]
[EventDate "1994.??.??"]

{6/(7)} 1. c4 f5 2. Nc3 Nf6 3. d3 e6 4. g3 Be7 5. Bg2 O-O 6. Nf3 d6 7. Qb3 Nc6
8. O-O Qe8 9. Bg5 Qh5 10. Bxf6 Rxf6 11. e3 g5 12. Ne2 Rh6 13. d4 e5 14. Rfe1 e4
15. Nd2 Qxh2+ 16. Kf1 Rb8 17. c5+ Kh8 18. d5 Ne5 19. c6 b6 20. Qa4 a5 21. Nd4
Ba6+ 22. Nb5 g4 23. Nxe4 fxe4 24. Bxe4 Rf8 25. Ke2 Qxf2+ 26. Kd1 Rh2 0-1

[Event "Grand Rapids (MI Am/4/23)"]
[Site "?"]
[Date "1994.??.??"]
[Round "?"]
[White "Baker, T."]
[Black "Smith, J."]
[Result "1-0"]
[WhiteElo "1605"]
[BlackElo "1605"]
[PlyCount "75"]
[EventDate "1994.??.??"]

{4/(23)} 1. e4 c5 2. Nf3 d6 3. d4 cxd4 4. Nxd4 Nf6 5. Nc3 Nc6 6. Be2 a6 7. Bg5
e6 8. Qd2 Be7 9. O-O b5 10. Nxc6 Qc7 11. Nxe7 Qxe7 12. a3 O-O 13. Bd3 Bb7 14.
Rfe1 h6 15. Bxf6 Qxf6 16. Re3 Qg5 17. Qe2 f5 18. Rg3 Qf6 19. Re3 Qg6 20. Qf1 f4
21. Rf3 e5 22. Be2 h5 23. Rd3 Rf7 24. f3 h4 25. h3 Bc8 26. Kh1 Rf6 27. Qf2 Qh6
28. Nd5 Rg6 29. Ne7+ Kh7 30. Nxg6 Qxg6 31. Qxh4+ Kg8 32. Rad1 Be6 33. Rxd6 Kf7
34. Rd8 Ra7 35. Rh8 Re7 36. Rdd8 Qg3 37. Rdf8+ Kg6 38. Qh5# 1-0